000 00996nam a22002417a 4500
003 UA-OsUOA
001 61052
007 ta
008 20090615b un ||||| |||| 00| 0 ukr d
090 _a81
_bУ45
942 _cMG
040 _aUA-OsUOA
_bukr
_cUA-OsUOA
_dUA-OsUOA
245 _aУкраїнознавство
_bЗасновник - Науково-дослідний інститут українознавства Міністерства освіти і науки України
_cГолова колегіі - Кононенко П.П.
300 _a314 с.
955 _a1
041 _aukr
080 _a81
260 _aК.
246 3 1 _aНауковий громадсько-політичний, культурно-мистецький , релігійно-філософський педагогічний журнал
_n
044 _aUA
962 _a2001
650 7 _a8 Мовознавство. Художня література. Літературознавство
_2UDC
999 _c347432
_d347432